Loading...
| History - European | 0 | 6 | 0 | 2 | 60 | 58 | 97.17 | 2 | 4 | 11.29 | 32.41 |
| History - World | 0 | 6 | 1 | 0 | 55 | 67 | 80.33 | 0 | 2 | 17.46 | 24.42 |
| Fine Arts - Other | 0 | 5 | 0 | 1 | 50 | 98 | 126.00 | 0 | 4 | 4.12 | 23.96 |
| Religion | 0 | 5 | 0 | 3 | 50 | 91 | 117.40 | 0 | 3 | 4.08 | 21.53 |
| Philosophy | 0 | 5 | 0 | 1 | 50 | 70 | 102.00 | 2 | 2 | 7.29 | 26.04 |
| Science - Biology | 0 | 5 | 2 | 0 | 40 | 39 | 56.40 | 5 | 5 | 22.39 | 40.63 |
| Science - Other | 0 | 4 | 0 | 1 | 40 | 77 | 100.00 | 1 | 2 | 5.18 | 18.75 |
| Literature - European | 0 | 3 | 0 | 0 | 30 | 107 | 118.67 | 0 | 0 | 2.71 | 4.17 |
| Literature - World/Other | 0 | 3 | 0 | 1 | 30 | 102 | 117.00 | 0 | 1 | 4.23 | 8.33 |
| History - American | 0 | 3 | 0 | 0 | 30 | 71 | 84.33 | 1 | 2 | 8.57 | 16.67 |
| Science - Chemistry | 0 | 4 | 2 | 1 | 30 | 47 | 85.50 | 1 | 2 | 9.80 | 19.79 |
| History - Other | 0 | 2 | 0 | 1 | 20 | 99 | 104.50 | 0 | 1 | 1.99 | 7.29 |
| Literature - British | 0 | 2 | 0 | 0 | 20 | 90 | 94.00 | 0 | 1 | 5.43 | 9.38 |
| Science - Physics | 0 | 3 | 2 | 0 | 20 | 95 | 107.00 | 0 | 1 | 0.98 | 12.50 |
| Mythology | 0 | 2 | 1 | 0 | 15 | 94 | 101.50 | 0 | 0 | 3.67 | 6.25 |
| Fine Arts - Classical Music | 0 | 1 | 0 | 0 | 10 | 135 | 135.00 | 0 | 0 | -0.25 | 2.08 |
| Fine Arts - Visual | 0 | 1 | 0 | 0 | 10 | 92 | 92.00 | 0 | 0 | 2.74 | 5.21 |
| Other Academic | 0 | 1 | 0 | 0 | 10 | 106 | 106.00 | 0 | 0 | 4.70 | 31.25 |
| Pop Culture | 0 | 1 | 0 | 0 | 10 | 44 | 44.00 | 0 | 1 | 22.31 | 25.00 |
| Social Science | 0 | 0 | 2 | 0 | -10 | 0.00 | 0 | 0 | 0.00 | 0.00 |